000 00781nam a2200205 i 4500
001 186901
003 ES-MaACL
005 20251118145153.0
008 170228s1932 sp f |||| |bspa d
100 0 _aGarcía del Real, Eduardo,
_d1870-1946
_954523
245 1 0 _aJosé de San Martín, libertador de la Argentina y de Chile. Protector del Perú /
_cpor Eduardo García del Real.
250 _a1ª ed.
260 _aMadrid :
_bEspasa-Calpe,
_c1932.
300 _a266 p., [4] p. de lám. ;
_c18 cm.
490 1 _aVidas españolas e hispanoamericanas del siglo XIX ;
_v27
600 1 4 _aSan Martín, José de,
_d1778-1850
_9102261
830 0 0 _aVidas españolas e hispanoamericanas del siglo XIX
_v27
_9192640
852 _aES-MaACL
_jC-23238
999 _c186901
_d186901